All 1M Cities by First 2 Letters (with the map only) - Statistics

General Stats
  • This quiz has been taken 4,777 times
  • The average score is 427 of 544
Answers on the Map
Answers color-coded by a green-red scale on the quiz's map according to % correct below.
 
Answer Stats
City % Correct
Lomé
98%
London
98%
Los Angeles
98%
Louisville
98%
Sacramento
98%
Salem
98%
Salt Lake City
98%
Salvador
98%
Samara
98%
Sana'a
98%
San Antonio
98%
San Diego
98%
San Francisco
98%
San José
98%
San Juan
98%
San Luis Potosi
98%
San Pedro Sula
98%
San Salvador
98%
Santa Cruz
98%
Santiago
98%
Santo Domingo
98%
Santos
98%
Sao Luis
98%
Sao Paulo
98%
Sapporo
98%
Saratov
98%
St Louis
98%
St Petersburg
98%
Cairo
97%
Calgary
97%
Cali
97%
Campinas
97%
Cangnan
97%
Cape Town
97%
Caracas
97%
Cartagena
97%
Casablanca
97%
Ma'anshan
97%
Maceio
97%
Madrid
97%
Madurai
97%
Maiduguri
97%
Makassar
97%
Makkah
97%
Málaga
97%
Malang
97%
Managua
97%
Manama
97%
Manaus
97%
Manchester
97%
Mandalay
97%
Manila
97%
Mannheim
97%
Maoming
97%
Maputo
97%
Maracaibo
97%
Maracay
97%
Marrakesh
97%
Marseille
97%
Masan
97%
Mashhad
97%
Mogadishu
97%
Mombasa
97%
Monrovia
97%
Monterrey
97%
Montevideo
97%
Montréal
97%
Moradabad
97%
Moscow
97%
Mosul
97%
Beijing
96%
Beirut
96%
Belem
96%
Belgrade
96%
Belo Horizonte
96%
Bengbu
96%
Benin City
96%
Benxi
96%
Berlin
96%
Medan
96%
Medellín
96%
Medina
96%
Meerut
96%
Melbourne
96%
Memphis
96%
Mendoza
96%
Merida
96%
Mexicali
96%
Mexico City
96%
Newcastle
96%
New Orleans
96%
New York
96%
Seattle
96%
Semarang
96%
Sendai
96%
Seoul
96%
Serang
96%
Seville
96%
Baghdad
95%
Baku
95%
Bamako
95%
Bandar Lampung
95%
Bandung
95%
Bangalore
95%
Bangkok
95%
Bangui
95%
Baoding
95%
Baoji
95%
Baotou
95%
Barcelona
95%
Bareilly
95%
Barquisimeto
95%
Barranquilla
95%
Basra
95%
Batam
95%
Dubai
95%
Dublin
95%
Durban
95%
Lianyungang
95%
Lille
95%
Lilongwe
95%
Lima
95%
Linyi
95%
Lisbon
95%
Liuzhou
95%
Liverpool
95%
Miami
95%
Mianyang
95%
Milan
95%
Milwaukee
95%
Minneapolis
95%
Minsk
95%
Tokyo
95%
Toluca
95%
Toronto
95%
Torreon
95%
Haikou
94%
Hamamatsu
94%
Hamburg
94%
Handan
94%
Hangzhou
94%
Hannover
94%
Hanoi
94%
Harare
94%
Harbin
94%
Harrisburg
94%
Hartford
94%
Havana
94%
Palembang
94%
Panama City
94%
Paris
94%
Patna
94%
Port-au-Prince
94%
Port Elizabeth
94%
Port Harcourt
94%
Portland
94%
Porto
94%
Porto Alegre
94%
Ho Chi Minh City
93%
Hohhot
93%
Hong Kong
93%
Honolulu
93%
Houston
93%
Lagos
93%
Lahore
93%
Lanzhou
93%
La Paz
93%
Las Vegas
93%
Bogotá
92%
Bordeaux
92%
Boston
92%
Bucaramanga
92%
Bucharest
92%
Budapest
92%
Buenos Aires
92%
Buffalo
92%
Bursa
92%
Busan
92%
Cochabamba
92%
Coimbatore
92%
Cologne
92%
Colombo
92%
Columbus
92%
Conakry
92%
Copenhagen
92%
Cordoba
92%
Cotonou
92%
Daegu
92%
Daejeon
92%
Dakar
92%
Dalian
92%
Dallas
92%
Damascus
92%
Dammam
92%
Daqing
92%
Dar es Salaam
92%
Datong
92%
Davao
92%
Nagoya
92%
Nagpur
92%
Naha
92%
Nairobi
92%
Nanchang
92%
Nanchong
92%
Nanjing
92%
Nanning
92%
Nantong
92%
Nanyang
92%
Naples
92%
Nashville
92%
Nasik
92%
Natal
92%
Brasília
91%
Brazzaville
91%
Brisbane
91%
Brussels
91%
Delhi
91%
Denpasar
91%
Denver
91%
Detroit
91%
Richmond
91%
Rio de Janeiro
91%
Riyadh
91%
Rizhao
91%
Vadodara
91%
Valencia
91%
Valparaiso
91%
Vancouver
91%
Varanasi
91%
Angeles
90%
Ankara
90%
Anshan
90%
Antalya
90%
Antananarivo
90%
Antwerpen
90%
Wanxian
90%
Warsaw
90%
Washington
90%
Kabul
89%
Kaduna
89%
Kaifeng
89%
Kampala
89%
Kano
89%
Kanpur
89%
Kansas City
89%
Kaohsiung
89%
Karachi
89%
Kathmandu
89%
Katowice
89%
Kayseri
89%
Kazan
89%
Multan
89%
Mumbai
89%
Munich
89%
Muscat
89%
Osaka
89%
Oslo
89%
Pekanbaru
89%
Perm
89%
Perth
89%
Peshawar
89%
Rome
89%
Rosario
89%
Rostov
89%
Rotterdam
89%
Aleppo
88%
Alexandria
88%
Algiers
88%
Aligarh
88%
Allahabad
88%
Almaty
88%
Chandigarh
88%
Changchun
88%
Changsha
88%
Changzhou
88%
Charlotte
88%
Chelyabinsk
88%
Chengdu
88%
Chennai
88%
Chicago
88%
Chifeng
88%
Chittagong
88%
Chonburi
88%
Chongqing
88%
Hefei
88%
Helsinki
88%
Hengyang
88%
Kiev
88%
Kigali
88%
Kinshasa
88%
Kirkuk
88%
Kitakyushu
88%
Stockholm
87%
Stockton
87%
Stuttgart
87%
Tabriz
87%
Taian
87%
Taichung
87%
Tainan
87%
Taipei
87%
Taiyuan
87%
Taizhou
87%
Tampa
87%
Tangshan
87%
Tashkent
87%
Athens
86%
Atlanta
86%
Jabalpur
86%
Jacksonville
86%
Jaipur
86%
Jakarta
86%
Jamshedpur
86%
Auckland
85%
Aurangabad
85%
Austin
85%
Tunis
85%
Turin
85%
Adana
84%
Addis Ababa
84%
Adelaide
84%
Guadalajara
84%
Guangzhou
84%
Guatemala
84%
Guayaquil
84%
Guilin
84%
Guiyang
84%
Gujranwala
84%
Guwahati
84%
Tegucigalpa
84%
Tehran
84%
Tel Aviv-Yafo
84%
Teresina
84%
Amman
83%
Amritsar
83%
Amsterdam
83%
Rabat
82%
Rajkot
82%
Raleigh
82%
Ranchi
82%
Rangoon
82%
Rawalpindi
82%
Sydney
82%
Sofia
79%
Sousse
79%
Southampton
79%
Aba
78%
Abidjan
78%
Abu Dhabi
78%
Abuja
78%
Birmingham
78%
Edmonton
78%
João Pessoa
78%
Jodhpur
78%
Johannesburg
78%
Luanda
78%
Lubumbashi
78%
Lucknow
78%
Ludhiana
78%
Luoyang
78%
Lusaka
78%
Nottingham
78%
Nouakchott
78%
Novosibirsk
78%
Doha
77%
Donetsk
77%
Douala
77%
Philadelphia
77%
Phnom Penh
77%
Phoenix
77%
Vienna
77%
Vijayawada
77%
Virginia Beach
77%
Vishakhapatnam
77%
Vitoria
77%
Asansol
76%
Ashgabat
76%
Asunción
76%
Isfahan
76%
Istanbul
76%
Shanghai
76%
Shantou
76%
Sheffield
76%
Shenyeng
76%
Shijianzhuang
76%
Shiraz
76%
Shizuoka
76%
Sholapur
76%
Kuala Lumpur
75%
Kumamoto
75%
Kumasi
75%
Kunming
75%
Kuwait
75%
Queretaro
75%
Quetta
75%
Quito
75%
Glasgow
72%
Tianjin
72%
Tijuana
72%
Tiruchirappalli
72%
Tiruppur
72%
Leeds
70%
Leon
70%
Niamey
70%
Ningbo
70%
Nizhny Novgorod
70%
Prague
70%
Jeddah
69%
Kharkiv
68%
Khartoum
68%
Khulna
68%
Kochi
68%
Kolkata
68%
Konya
68%
Kota
68%
Tripoli
68%
Frankfurt
65%
Freetown
65%
Recife
64%
Surabaya
64%
Surakarta
64%
Surat
64%
Suzhou
64%
Lyon
63%
Oran
63%
Orlando
63%
Singapore
63%
Ulaanbaatar
63%
Ulsan
63%
Ottawa
61%
Yekaterinburg
61%
Yerevan
61%
Zunyi
60%
Zürich
60%
Cincinnati
59%
Ciudad Juarez
59%
Cixi
59%
El Paso
59%
Accra
58%
Fez
58%
Fortaleza
57%
Pittsburgh
57%
Yancheng
57%
Yangzhou
57%
Yantai
57%
Yaoundé
57%
Gaza
56%
Gaziantep
56%
Puebla
56%
Pune
56%
Putian
56%
Xiamen
54%
Xian
54%
Xiangfan
54%
Xiangtai
54%
Xiangtan
54%
Xining
54%
Xinxiang
54%
Cebu
53%
Nuremberg
53%
George Town
49%
The Ruhr
49%
Wuhan
49%
Wuhu
49%
Wuxi
49%
Cuernavaca
48%
Curitiba
48%
Hiroshima
48%
Indianapolis
48%
Indore
48%
Odessa
48%
Cleveland
47%
Izmir
46%
Okayama
46%
Oklahoma City
46%
Volgograd
46%
Voronezh
46%
Ahmedabad
45%
Ahvaz
45%
Fuji
45%
Fukuoka
45%
Fuzhou
45%
Goiania
45%
Weifang
45%
Wenzhou
45%
Agadir
44%
Agra
44%
Aguascalientes
44%
Dhaka
44%
Dhanbad
44%
Ouagadougou
44%
Urumqi
44%
Tbilisi
42%
Hyderabad
39%
Pyongyang
38%
N'Djamena
37%
Omsk
37%
Yogyakarta
37%
Faisalabad
36%
Huaibei
36%
Huainan
36%
Huaiyin
36%
Hubli
36%
Huizhou
36%
Jullundur
36%
Jiangyin
34%
Jiaozuo
34%
Jilin
34%
Jinan
34%
Jinhua
34%
Jinzhou
34%
Krasnoyarsk
34%
Greensboro
30%
Qingdao
29%
Qingyuan
29%
Qinhuangdao
29%
Qiqihar
29%
Zibo
27%
Dnipropetrovsk
26%
Irbil
24%
Zhangjiakou
24%
Zhanjiang
24%
Zhengzhou
24%
Zhenjiang
24%
Zhuhai
24%
Zhuzhou
24%
Ibadan
23%
Qom
23%
Ufa
23%
Yichang
22%
Yinchuan
22%
Srinagar
21%
Mbuji-Mayi
20%
Onitsha
20%
Bhilai
19%
Bhopal
19%
Bhubaneshwar
19%
McAllen
18%
Xuzhou
18%
Mysore
16%
Gwalior
10%
Gwangju
10%
No matching quizzes found
Score Distribution
Percent of People with Each Score
Percentile by Number Answered
Your Score History
You have not taken this quiz